<?xml version="1.0" encoding="UTF-8"?>
<record
    xmlns:xsi="http://www.w3.org/2001/XMLSchema-instance"
    xsi:schemaLocation="http://www.loc.gov/MARC21/slim http://www.loc.gov/standards/marcxml/schema/MARC21slim.xsd"
    xmlns="http://www.loc.gov/MARC21/slim">

  <leader>02057nam a2200565 a 4500</leader>
  <controlfield tag="005">20240806105620.0</controlfield>
  <controlfield tag="008">100303t2021||||ag a   f |||| 001 0 spa d</controlfield>
  <datafield tag="020" ind1=" " ind2=" ">
    <subfield code="a">9789500209045</subfield>
  </datafield>
  <datafield tag="041" ind1=" " ind2=" ">
    <subfield code="a">spa</subfield>
  </datafield>
  <datafield tag="092" ind1=" " ind2=" ">
    <subfield code="c">574.19</subfield>
    <subfield code="l">7</subfield>
    <subfield code="s">BLA</subfield>
  </datafield>
  <datafield tag="100" ind1="1" ind2=" ">
    <subfield code="a">Blanco, Antonio.</subfield>
    <subfield code="9">148</subfield>
  </datafield>
  <datafield tag="245" ind1=" " ind2=" ">
    <subfield code="a">Qu&#xED;mica biol&#xF3;gica /  </subfield>
    <subfield code="c">Antonio Blanco.</subfield>
  </datafield>
  <datafield tag="250" ind1=" " ind2=" ">
    <subfield code="a">10a ed.</subfield>
  </datafield>
  <datafield tag="260" ind1=" " ind2=" ">
    <subfield code="a">Buenos Aires: </subfield>
    <subfield code="b">El Ateneo;</subfield>
    <subfield code="c">2021.</subfield>
  </datafield>
  <datafield tag="300" ind1=" " ind2=" ">
    <subfield code="a">722 p.</subfield>
  </datafield>
  <datafield tag="500" ind1=" " ind2=" ">
    <subfield code="a">Blanco, A. y Blanco, G. (2021). Qu&#xED;mica biol&#xF3;gica. (10a ed.).  Buenos Aires : El Ateneo.</subfield>
  </datafield>
  <datafield tag="653" ind1=" " ind2=" ">
    <subfield code="a">Composici&#xF3;n qu&#xED;mica de los seres vivientes</subfield>
  </datafield>
  <datafield tag="653" ind1=" " ind2=" ">
    <subfield code="a">Agua</subfield>
  </datafield>
  <datafield tag="653" ind1=" " ind2=" ">
    <subfield code="a">Prote&#xED;nas</subfield>
  </datafield>
  <datafield tag="653" ind1=" " ind2=" ">
    <subfield code="a">Hidratos de carbono</subfield>
  </datafield>
  <datafield tag="653" ind1=" " ind2=" ">
    <subfield code="a">L&#xED;pidos</subfield>
  </datafield>
  <datafield tag="653" ind1=" " ind2=" ">
    <subfield code="a">Acidos nucleicos</subfield>
  </datafield>
  <datafield tag="653" ind1=" " ind2=" ">
    <subfield code="a">Elementos de termodin&#xE1;mica y cin&#xE9;tica bioqu&#xED;micas</subfield>
  </datafield>
  <datafield tag="653" ind1=" " ind2=" ">
    <subfield code="a">Enzimas</subfield>
  </datafield>
  <datafield tag="653" ind1=" " ind2=" ">
    <subfield code="a">Oxidaciones biol&#xF3;gicas. Bioenerg&#xE9;tica</subfield>
  </datafield>
  <datafield tag="653" ind1=" " ind2=" ">
    <subfield code="a">Membranas</subfield>
  </datafield>
  <datafield tag="653" ind1=" " ind2=" ">
    <subfield code="a">Digesti&#xF3;n. Absorci&#xF3;n</subfield>
  </datafield>
  <datafield tag="653" ind1=" " ind2=" ">
    <subfield code="a">Metabolismo</subfield>
  </datafield>
  <datafield tag="653" ind1=" " ind2=" ">
    <subfield code="a">Metabolismo de hidratos de carbono</subfield>
  </datafield>
  <datafield tag="653" ind1=" " ind2=" ">
    <subfield code="a">Metabolismo de l&#xED;pidos</subfield>
  </datafield>
  <datafield tag="653" ind1=" " ind2=" ">
    <subfield code="a">Metabolismo de amino&#xE1;cidos</subfield>
  </datafield>
  <datafield tag="653" ind1=" " ind2=" ">
    <subfield code="a">Metabolismo del hemo</subfield>
  </datafield>
  <datafield tag="653" ind1=" " ind2=" ">
    <subfield code="a">Metabolismo de purinas y pirimidinas</subfield>
  </datafield>
  <datafield tag="653" ind1=" " ind2=" ">
    <subfield code="a">Integraci&#xF3;n y regulaci&#xF3;n del metabolismo</subfield>
  </datafield>
  <datafield tag="653" ind1=" " ind2=" ">
    <subfield code="a">Metabolismo de algunos tejidos</subfield>
  </datafield>
  <datafield tag="653" ind1=" " ind2=" ">
    <subfield code="a">La informaci&#xF3;n gen&#xE9;tica (I). Replicaci&#xF3;n y transcripci&#xF3;n</subfield>
  </datafield>
  <datafield tag="653" ind1=" " ind2=" ">
    <subfield code="a">La informacion gen&#xE9;tica(II). Bios&#xED;ntesis de prote&#xED;nas</subfield>
  </datafield>
  <datafield tag="653" ind1=" " ind2=" ">
    <subfield code="a">Regulaci&#xF3;n de la expresi&#xF3;n g&#xE9;nica</subfield>
  </datafield>
  <datafield tag="653" ind1=" " ind2=" ">
    <subfield code="a">Modificaciones postraducci&#xF3;n de prote&#xED;nas</subfield>
  </datafield>
  <datafield tag="653" ind1=" " ind2=" ">
    <subfield code="a">Bases bioqu&#xED;micas de la endocrinolog&#xED;a (I). Receptores y tranductores de se&#xF1;ales</subfield>
  </datafield>
  <datafield tag="653" ind1=" " ind2=" ">
    <subfield code="a">Bases bioqu&#xED;micas de la endocrinolog&#xED;a (II). Hormonas y otros intermediarios qu&#xED;micos</subfield>
  </datafield>
  <datafield tag="653" ind1=" " ind2=" ">
    <subfield code="a">Vitaminas</subfield>
  </datafield>
  <datafield tag="653" ind1=" " ind2=" ">
    <subfield code="a">Balance hidrico y equilibrio &#xE1;cido base</subfield>
  </datafield>
  <datafield tag="653" ind1=" " ind2=" ">
    <subfield code="a">Componentes minerales esenciales</subfield>
  </datafield>
  <datafield tag="653" ind1=" " ind2=" ">
    <subfield code="a">Bases moleculares de la inmunidad</subfield>
  </datafield>
  <datafield tag="653" ind1=" " ind2=" ">
    <subfield code="a">Hemostasis</subfield>
  </datafield>
  <datafield tag="653" ind1=" " ind2=" ">
    <subfield code="a">Apoptosis</subfield>
  </datafield>
  <datafield tag="700" ind1="1" ind2=" ">
    <subfield code="a">Blanco, Gustavo </subfield>
    <subfield code="9">1869</subfield>
  </datafield>
  <datafield tag="942" ind1=" " ind2=" ">
    <subfield code="2">ddc</subfield>
    <subfield code="c">BK</subfield>
  </datafield>
  <datafield tag="999" ind1=" " ind2=" ">
    <subfield code="c">3119</subfield>
    <subfield code="d">3119</subfield>
  </datafield>
  <datafield tag="952" ind1=" " ind2=" ">
    <subfield code="0">0</subfield>
    <subfield code="1">0</subfield>
    <subfield code="2">ddc</subfield>
    <subfield code="4">0</subfield>
    <subfield code="7">0</subfield>
    <subfield code="a">BFM</subfield>
    <subfield code="b">BFM</subfield>
    <subfield code="c">CR</subfield>
    <subfield code="d">2022-02-17</subfield>
    <subfield code="e">Compra Facimed,Diciembre 2021</subfield>
    <subfield code="g">4040.00</subfield>
    <subfield code="l">36</subfield>
    <subfield code="m">3</subfield>
    <subfield code="o">574.19 7 BLA</subfield>
    <subfield code="p">4699</subfield>
    <subfield code="r">2025-11-20</subfield>
    <subfield code="s">2025-10-22</subfield>
    <subfield code="t">Ej.52</subfield>
    <subfield code="w">2022-02-17</subfield>
    <subfield code="y">BK</subfield>
    <subfield code="z">Compra Facimed,Diciembre 2021. Sede Tordos.</subfield>
    <subfield code="f"></subfield>
  </datafield>
  <datafield tag="952" ind1=" " ind2=" ">
    <subfield code="0">0</subfield>
    <subfield code="1">0</subfield>
    <subfield code="2">ddc</subfield>
    <subfield code="4">0</subfield>
    <subfield code="7">0</subfield>
    <subfield code="a">BFM</subfield>
    <subfield code="b">BFM</subfield>
    <subfield code="c">CR</subfield>
    <subfield code="d">2022-02-17</subfield>
    <subfield code="e">Compra Facimed,Diciembre 2021</subfield>
    <subfield code="g">4040.00</subfield>
    <subfield code="l">43</subfield>
    <subfield code="m">8</subfield>
    <subfield code="o">574.19 7 BLA</subfield>
    <subfield code="p">4698</subfield>
    <subfield code="r">2026-05-13</subfield>
    <subfield code="s">2026-05-08</subfield>
    <subfield code="t">Ej.51</subfield>
    <subfield code="w">2022-02-17</subfield>
    <subfield code="y">BK</subfield>
    <subfield code="z">Compra Facimed,Diciembre 2021. Sede Tordos.</subfield>
    <subfield code="f"></subfield>
  </datafield>
  <datafield tag="952" ind1=" " ind2=" ">
    <subfield code="0">0</subfield>
    <subfield code="1">0</subfield>
    <subfield code="2">ddc</subfield>
    <subfield code="4">0</subfield>
    <subfield code="7">0</subfield>
    <subfield code="a">BFM</subfield>
    <subfield code="b">BFM</subfield>
    <subfield code="c">CR</subfield>
    <subfield code="d">2022-02-17</subfield>
    <subfield code="e">Compra Facimed,Diciembre 2021</subfield>
    <subfield code="g">4040.00</subfield>
    <subfield code="l">33</subfield>
    <subfield code="m">9</subfield>
    <subfield code="o">574.19 7 BLA</subfield>
    <subfield code="p">4700</subfield>
    <subfield code="r">2025-05-22</subfield>
    <subfield code="s">2025-05-08</subfield>
    <subfield code="t">Ej.53</subfield>
    <subfield code="w">2022-02-17</subfield>
    <subfield code="y">BK</subfield>
    <subfield code="z">Compra Facimed, Diciembre 2021</subfield>
    <subfield code="f"></subfield>
  </datafield>
  <datafield tag="952" ind1=" " ind2=" ">
    <subfield code="0">0</subfield>
    <subfield code="1">0</subfield>
    <subfield code="2">ddc</subfield>
    <subfield code="4">0</subfield>
    <subfield code="7">0</subfield>
    <subfield code="a">BFM</subfield>
    <subfield code="b">BFM</subfield>
    <subfield code="c">CR</subfield>
    <subfield code="d">2022-02-17</subfield>
    <subfield code="e">Compra Facimed,Diciembre 2021</subfield>
    <subfield code="g">4040.00</subfield>
    <subfield code="l">30</subfield>
    <subfield code="m">9</subfield>
    <subfield code="o">574.19 7 BLA</subfield>
    <subfield code="p">4701</subfield>
    <subfield code="r">2026-04-16</subfield>
    <subfield code="s">2026-04-09</subfield>
    <subfield code="t">Ej.54</subfield>
    <subfield code="w">2022-02-17</subfield>
    <subfield code="y">BK</subfield>
    <subfield code="z">Compra Facimed,Diciembre 2021</subfield>
    <subfield code="f"></subfield>
  </datafield>
  <datafield tag="952" ind1=" " ind2=" ">
    <subfield code="0">0</subfield>
    <subfield code="1">0</subfield>
    <subfield code="2">ddc</subfield>
    <subfield code="4">0</subfield>
    <subfield code="7">0</subfield>
    <subfield code="a">BFM</subfield>
    <subfield code="b">BFM</subfield>
    <subfield code="c">CR</subfield>
    <subfield code="d">2022-02-17</subfield>
    <subfield code="e">Compra Facimed,Diciembre 2021</subfield>
    <subfield code="g">4040.00</subfield>
    <subfield code="l">29</subfield>
    <subfield code="m">6</subfield>
    <subfield code="o">574.19 7 BLA</subfield>
    <subfield code="p">4702</subfield>
    <subfield code="q">2026-06-05</subfield>
    <subfield code="r">2026-05-27</subfield>
    <subfield code="s">2026-05-27</subfield>
    <subfield code="t">Ej.55</subfield>
    <subfield code="w">2022-02-17</subfield>
    <subfield code="y">BK</subfield>
    <subfield code="z">Compra Facimed,Diciembre 2021</subfield>
    <subfield code="f"></subfield>
  </datafield>
  <datafield tag="952" ind1=" " ind2=" ">
    <subfield code="0">0</subfield>
    <subfield code="1">0</subfield>
    <subfield code="2">ddc</subfield>
    <subfield code="4">0</subfield>
    <subfield code="7">0</subfield>
    <subfield code="a">BFM</subfield>
    <subfield code="b">BFM</subfield>
    <subfield code="c">CR</subfield>
    <subfield code="d">2023-09-22</subfield>
    <subfield code="e">Donaci&#xF3;n Fabricio Lima, Septiembre 2023</subfield>
    <subfield code="l">26</subfield>
    <subfield code="m">11</subfield>
    <subfield code="o">574.19 7 BLA</subfield>
    <subfield code="p">4876</subfield>
    <subfield code="r">2026-05-14</subfield>
    <subfield code="s">2026-05-07</subfield>
    <subfield code="t">Ej.56</subfield>
    <subfield code="w">2023-09-22</subfield>
    <subfield code="y">BK</subfield>
    <subfield code="z">Donaci&#xF3;n Fabricio Lima, Septiembre 2023. Sede Tordos.</subfield>
    <subfield code="f"></subfield>
  </datafield>
  <datafield tag="952" ind1=" " ind2=" ">
    <subfield code="0">0</subfield>
    <subfield code="1">0</subfield>
    <subfield code="2">ddc</subfield>
    <subfield code="4">0</subfield>
    <subfield code="7">0</subfield>
    <subfield code="a">BFM</subfield>
    <subfield code="b">BFM</subfield>
    <subfield code="c">CR</subfield>
    <subfield code="d">2024-03-20</subfield>
    <subfield code="e">Donaci&#xF3;n Di Battista, Giovani. Marzo 2024.</subfield>
    <subfield code="l">4</subfield>
    <subfield code="m">7</subfield>
    <subfield code="o">574.19 7 BLA</subfield>
    <subfield code="p">4888</subfield>
    <subfield code="r">2024-11-20</subfield>
    <subfield code="s">2024-10-08</subfield>
    <subfield code="t">Ej.57</subfield>
    <subfield code="w">2024-03-20</subfield>
    <subfield code="y">BK</subfield>
    <subfield code="z">Donaci&#xF3;n Di Battista, Giovani. Marzo 2024.</subfield>
    <subfield code="f"></subfield>
  </datafield>
</record>
